1932 1769 1695 1501 1032 1376 1079 1782 1186 1010 1136 1431 1178 1799 1503 1059 1185 1373 1723 1677 1087 1389 1218 1572 1862 1468 1879 1494 1985 1073 1696 1922 1961 1761 1169 1438 1491 1424 1998 1114 1577 1857 1482 1512 1643 1954 1718 1219 1170 1361 1418 1597 1627 1619 1016 1483 1315 1048 1690 1263 1146 1671 1091 1543 1871 1603 1704 1198 1220 1955 1551 1830 1778 1664 1440 1800 1143 1451 1361 1497 1898 1521 1299 1932 1538 1757 1323 1956 1465 1569 1546 1491 1839 1925 1936 1431 1522 1435 1671 BCNSPRNW ULIB Ver.6.0+V

เปลี่ยนเป็นภาษาไทย

Change to English
 แสดงรายละเอียดบรรณานุกรม
  กลับหน้าหลัก

Brief Record : Get Marc (ISO 2709) : E-mail record : QR code < ปิดหน้าต่าง
LEADER : 00000nam 2200000uu 4500
001    13399123760
003     ULIB
008    141126s2556||||th 000 0 tha d
024    ^a9786163356895
041 0  ^atha
060  4 ^aWM430^bอ846ส
100 0  ^aอุมาพร ตรังคสมบัติ
245 00 ^aสร้างชีวิตใหม่ : คู่มือจิตบำบัดและการให้คำปรึกษา แนว humanistic - existential - experiential/^cอุมาพร ตรังคสมบัติ
250    ^aพิมพ์ครั้งที่ 1
260    ^aกรุงเทพฯ :^bซันต้าการพิมพ์,^c2556
300    ^a358 หน้า
650  0 ^aการให้คำปรึกษา
650  0 จิตบำบัด
945    ^p325^l0^i037118
945    ^p325^l0^i037119
945    ^p325^l0^i037120
945    ^p325^l0^i037121
945    ^p325^l0^i037122
945    ^p325^l0^i037123
945    ^p325^l0^i037124
999    ^aเกษร โพธิ์สุวรรณ
รายการนี้ยังไม่มีแท็ก
คุณยังไม่ได้ล็อกอิน คุณสามารถมีกิจกรรมร่วมกับเว็บไซต์ได้ แต่ต้องล็อกอินก่อน ::
  ล็อกอิน

รายการสื่อสารสนเทศ

ลำดับที่ ประเภท เลขเรียก/บาร์โค้ด สถานที่ สถานะ
1. วิทยาศาสตร์การแพทย์ และสุขภาพ
หนังสือสำรอง
สถานะ=หนังสือสำรอง
WM430 อ846ส ฉ.1 
  Barcode: 037118
ห้องสมุดวิทยาเขตสวรรค์ประชารักษ์
►ส่วนจัดเก็บหนังสือเก่า สปร
บนชั้น
  ขอยืม
2. วิทยาศาสตร์การแพทย์ และสุขภาพ
วิทยาศาสตร์การแพทย์ และสุขภาพ
WM430 อ846ส ฉ.2 
  Barcode: 037119
ห้องสมุดวิทยาเขตสวรรค์ประชารักษ์
►ส่วนจัดเก็บหนังสือเก่า สปร
บนชั้น
  ขอยืม
3. วิทยาศาสตร์การแพทย์ และสุขภาพ
วิทยาศาสตร์การแพทย์ และสุขภาพ
WM430 อ846ส ฉ.3 
  Barcode: 037120
ห้องสมุดวิทยาเขตสวรรค์ประชารักษ์
►ส่วนจัดเก็บหนังสือเก่า สปร
บนชั้น
  ขอยืม
4. วิทยาศาสตร์การแพทย์ และสุขภาพ
วิทยาศาสตร์การแพทย์ และสุขภาพ
WM430 อ846ส ฉ.4 
  Barcode: 037121
ห้องสมุดวิทยาเขตสวรรค์ประชารักษ์
►ส่วนจัดเก็บหนังสือเก่า สปร
บนชั้น
  ขอยืม
5. วิทยาศาสตร์การแพทย์ และสุขภาพ
วิทยาศาสตร์การแพทย์ และสุขภาพ
WM430 อ846ส ฉ.5 
  Barcode: 037122
ห้องสมุดวิทยาเขตสวรรค์ประชารักษ์
►ส่วนจัดเก็บหนังสือเก่า สปร
บนชั้น
  ขอยืม
6. วิทยาศาสตร์การแพทย์ และสุขภาพ
วิทยาศาสตร์การแพทย์ และสุขภาพ
WM430 อ846ส ฉ.6 
  Barcode: 037123
ห้องสมุดวิทยาเขตสวรรค์ประชารักษ์
►ส่วนจัดเก็บหนังสือเก่า สปร
บนชั้น
  ขอยืม
7. วิทยาศาสตร์การแพทย์ และสุขภาพ
วิทยาศาสตร์การแพทย์ และสุขภาพ
WM430 อ846ส ฉ.7 
  Barcode: 037124
ห้องสมุดวิทยาเขตสวรรค์ประชารักษ์
►ส่วนจัดเก็บหนังสือเก่า สปร
บนชั้น
  ขอยืม

รายการใกล้เคียง
    ผู้แต่ง [อุมาพร ตรังคสมบัติ]

    หัวเรื่อง [การให้คำปรึกษา]
    หัวเรื่อง [จิตบำบัด]

BibComment


ยังไม่เคยถูกคอมเมนท์

คอมเมนท์ทรัพยากรรายการนี้
  คอมเมนท์: สร้างชีวิตใหม่ ..


 Copyright 2026. Bcnsprnw @Library